00562nam a2200193Ia 450000500170000000800410001702000180005804000190007604100120009508200150010710000190012224500420014126000420018330000200022550400600024565000370030570000160034285000100035820240408101243.0131103s9999 xx 000 0 und d a0 19 437135 2 aLoreto College aEnglish a420.7bAND aAnderson, Anne aListeningcAnne Anderson & Tony Lynch aOxfordbOxford University Pressc1989 avii,150pb ill. aIncludes glossary,bibilographical references & appendix aEnglish language-Study & teahing aLynch, Tony aLCBED